Statistics for NBA Teams Marcus Morris has played for

Click here to take the quiz!

General Stats

  • This quiz has been taken 6 times
  • The average score is 3 of 7

Answer Stats

Year(s)Team% Correct
2020-2023Los Angeles Clippers
80%
2018-2019Boston Celtics
60%
2024Philadelphia 76ers
60%
2012-2013Houston Rockets
40%
2020New York Knicks
40%
2013-2015Phoenix Suns
20%
2016-2017Detroit Pistons
0%

Score Distribution

Percentile by Number Answered

Percent of People with Each Score

Your Score History

You have not taken this quiz